HEALTH EDUCATION FITNESS AND YOGA (Record no. 878424)

MARC details
000 -LEADER
fixed length control field 00370nam a2200145Ia 4500
008 - FIXED-LENGTH DATA ELEMENTS--GENERAL INFORMATION
fixed length control field 231004s2015 xx 000 0 und d
020 ## - INTERNATIONAL STANDARD BOOK NUMBER
International Standard Book Number 9788178798660
041 ## - LANGUAGE CODE
Language code of text/sound track or separate title eng
082 ## - DEWEY DECIMAL CLASSIFICATION NUMBER
Classification number 610.71041
Item number GUP
100 ## - MAIN ENTRY--PERSONAL NAME
Personal name GUPTA, VIBHA
245 ## - TITLE STATEMENT
Title HEALTH EDUCATION FITNESS AND YOGA
260 ## - PUBLICATION, DISTRIBUTION, ETC.
Place of publication, distribution, etc. NEW DELHI
Name of publisher, distributor, etc. SPORTS PUB.
Date of publication, distribution, etc. 2015
300 ## - PHYSICAL DESCRIPTION
Extent 124
650 ## - SUBJECT ADDED ENTRY--TOPICAL TERM
Topical term or geographic name entry element FITNESS & WELLNESS
Holdings
Withdrawn status Lost status Damaged status Not for loan Collection Home library Current library Shelving location Date acquired Cost, normal purchase price Total Checkouts Full call number Barcode Date last seen Price effective from Koha item type
        MPED College of Physical Education, Pune College of Physical Education, Pune R13/6 09/03/2022 500.00   610.71041/GUP PEP-MPED-792 25/07/2025 06/10/2023 Book